All about goats

保存先:
書誌詳細
第一著者: Hetherington, Lois (著者)
フォーマット: 図書
言語:英語
出版事項: Ipswich Farming Press 1987
版:2a. ed
主題:
タグ: タグ追加
タグなし, このレコードへの初めてのタグを付けませんか!

MARC

LEADER 00000nam a2200000 a 4500
001 UCV7265
003 CL-VaPUC
008 901002e19870000UK |||||||||||||||||eng|d
082 0 4 |a 636.39  |b HET  |2 21 
100 0 |a Hetherington, Lois  |e author  |9 301315 
245 1 0 |a All about goats 
250 |a 2a. ed 
300 |a 200 p 
942 |c BK 
945 |d 19901002 00:00:00 
260 |a Ipswich  |b Farming Press  |c 1987 
650 7 |a CABRAS  |2 CL-VaPUC  |9 264456 
650 7 |a MEJORAMIENTO  |2 CL-VaPUC  |9 264457 
650 0 |a Enfermedades  |9 263059 
650 0 |a Alimentación y alimentos   |9 261313 
650 7 |a LECHE DE CABRA  |2 CL-VaPUC  |9 264458 
583 |a last modification  |c 19901002 00:00:00  |k Rodrigo Vera 
999 |c 212968  |d 212966